00549nam a2200169Ia 4500003000900000008004100009020001800050040001600068080002300084100002200107245012000129260003700249300001400286650004100300650002000341650001800361IN-BaIIA211028s9999 xx 000 0 eng d a0-7923-2793-4 cIIA Library a52(082.2)bASS-189 aStenflo, Jan Olof 0aSolar magnetic fieldsbpolarised radiation diagnosticscJan Olof Stenflo  aDordrechtbKluwer Academicc1994 axv, 385p. aAstronomy and astrophysics thesaurus aMagnetic fields aSolar physics